The Common Law Library Number 10 Phipson on Evidence : (Record no. 150)

MARC details
000 -LEADER
fixed length control field 00578nam a22001697a 4500
005 - DATE AND TIME OF INPUT
control field 20231030132704.0
008 - DATA ELEMENTS--GENERAL INFORMATION
fixed length control field 231030b |||||||| |||| 00| 0 eng d
020 ## - INTERNATIONAL STANDARD BOOK NUMBER
International Standard Book Number 0424205903 ; 0421244208
041 ## - LANGUAGE CODE
Language code of text English
082 ## - SHELF NUMBER
DDC number 347.6 PHI
100 ## - MAIN AUTHOR
Main author's name Buzzhard JH, May, R and Howard MN
Language of a work English
245 ## - TITLE STATEMENT
Title The Common Law Library Number 10 Phipson on Evidence :
Sub-title First Supplement to the Twelfth Edition /
Statement of responsibility, etc. 1978
260 ## - PUBLICATION, DISTRIBUTION, ETC.
Place of publication, distribution, etc. London :
Name of publisher, distributor, etc. Sweet & Maxwell,
Date of publication, distribution, etc. 1978
300 ## - PHYSICAL DESCRIPTION
Other physical details 23 pages ;
Dimensions 24 cm.
650 ## - SUBJECT`
Broad subject legal practice
Own subject terms Law
942 ## - ADDED ENTRY ELEMENTS (KOHA)
Item type Books
942 ## - ADDED ENTRY ELEMENTS (KOHA)
-- ALISON_BN_VRIES
Holdings
Source of classification or shelving scheme Not for loan Collection code Home library Current library Shelving location Date acquired Full call number Barcode Price effective from Koha item type
Dewey Decimal Classification   TEXT BOOKS LAW SOCIETY OF NAMIBIA LIBRARY - WINDHOEK LAW SOCIETY OF NAMIBIA LIBRARY - WINDHOEK Evidence law 10/30/2023 347.6 PHI LSN/1988/45 10/30/2023 Books